Franz. Verben S.207-238 - Statistiken

Allgemein
  • Dieses Quiz wurde 10 mal gespielt
  • Das Durchschnittsergebnis liegt bei 7 aus 48
Antwortstatistiken
Hint Antwort % Korrekt
essen manger
90%
wohnen habiter
70%
trinken boire
60%
(be)zahlen payer
60%
hinzufügen ajouter
50%
öffnen ouvrir
50%
eintreten entrer
40%
schliessen fermer
40%
zubereiten préparer
40%
einen Kuchen backen faire un gâteau
30%
Reservieren/vorbestellen réserver
30%
bauen construire
20%
grillen griller
20%
servieren servir
20%
bestellen commander
10%
(In Stücke) schneiden couper
10%
umziehen déménager
10%
sitzen être assis
10%
kochen ("essen machen") faire la cuisine
10%
mieten, vermieten louer
10%
picknicken pique-niquer
10%
aufräumen ranger
10%
aufhängen accroche
0%
anmachen/anzünden allumer
0%
einrichten arranger
0%
würzen assaisonner
0%
schlucken avaler
0%
gut schmecken avoir un bon goût
0%
schmecken nach avoir un goût de
0%
kochen ("Flüssigkeit") bouillir
0%
heizen chauffer
0%
kochen ("Spagetti kochen") cuire
0%
zu Mittag essen déjeneur
0%
den Tisch abräumen desservir la table
0%
zu Abend essen dîner
0%
schälen éplucher
0%
ausmachen éteindre
0%
frittieren faire frire
0%
warm machen faire réchauffer
0%
braten faire rôtir
0%
braten faire sauter
0%
den Tisch decken mettre la table
0%
verschütten renverser
0%
sich setzen s'assesoir
0%
sich zudecken se couvrir de
0%
sich nehmen se servir de
0%
sich niederlassen s'installer
0%
einschenken verser
0%
Keine übereinstimmenden Quizze gefunden
Verteilung der Resultate
Anzahl Personen mit jedem Resultat
Perzentil nach korrekt beantworteten Fragen
Ihre Resultats-Entwicklung
Sie haben dieses Quiz noch nicht gespielt